Разработка реляционных средств декомпозиции предикатов; Известия Томского политехнического университета [Известия ТПУ]; Т. 322, № 5 : Управление, вычислительная техника и информатика

Podrobná bibliografie
Parent link:Известия Томского политехнического университета [Известия ТПУ]/ Томский политехнический университет (ТПУ).— , 2000-
Т. 322, № 5 : Управление, вычислительная техника и информатика.— 2013.— [С. 131-137]
Hlavní autor: Рудометкина М. Н. Моника Николаевна
Další autoři: Спицын В. Г. Владимир Григорьевич, Эттель В. А. Владимир Абрамович
Shrnutí:Заглавие с титульного листа
Электронная версия печатной публикации
Статья посвящена разработке новых средств декомпозиции предикатов на основе утверждений о зависимостях из области нормализации реляционных отношений. Дано точное определение процедуре декомпозиции по отношению к реляционным отношениям и к предикатам. Рассмотрены утверждения о зависимостях, позволяющих проводить декомпозицию реляционных отношений; предложены их обобщения. Опираясь на связь между реляционной алгеброй и алгеброй предикатов, сформулированы утверждения о зависимостях, преобразованных в новые средства декомпозиции предикатов.
Jazyk:ruština
Vydáno: 2013
Edice:Интеллектуальные системы
Témata:
On-line přístup:http://earchive.tpu.ru/bitstream/11683/4818/1/bulletin_tpu-2013-322-5-27.pdf
Médium: Elektronický zdroj Kapitola
KOHA link:https://koha.lib.tpu.ru/cgi-bin/koha/opac-detail.pl?biblionumber=240463

MARC

LEADER 00000nla2a2200000 4500
001 240463
005 20240209093847.0
035 |a (RuTPU)RU\TPU\book\261720 
035 |a RU\TPU\book\261718 
090 |a 240463 
100 |a 20130621d2013 k y0rusy50 ca 
101 0 |a rus 
102 |a RU 
135 |a drnn ---uucaa 
181 0 |a i  
182 0 |a b 
200 1 |a Разработка реляционных средств декомпозиции предикатов  |f М. Н. Рудометкина, В. Г. Спицын, В. А. Эттель 
203 |a Текст  |c электронный 
215 |a 1 файл (157 Кб) 
225 1 |a Интеллектуальные системы 
300 |a Заглавие с титульного листа 
300 |a Электронная версия печатной публикации 
320 |a [Библиогр.: с. 137 (7 назв.)] 
330 |a Статья посвящена разработке новых средств декомпозиции предикатов на основе утверждений о зависимостях из области нормализации реляционных отношений. Дано точное определение процедуре декомпозиции по отношению к реляционным отношениям и к предикатам. Рассмотрены утверждения о зависимостях, позволяющих проводить декомпозицию реляционных отношений; предложены их обобщения. Опираясь на связь между реляционной алгеброй и алгеброй предикатов, сформулированы утверждения о зависимостях, преобразованных в новые средства декомпозиции предикатов. 
337 |a Adobe Reader 
461 1 |0 (RuTPU)RU\TPU\book\176237  |t Известия Томского политехнического университета [Известия ТПУ]  |f Томский политехнический университет (ТПУ)  |d 2000- 
463 1 |0 (RuTPU)RU\TPU\book\261554  |x 1684-8519  |t Т. 322, № 5 : Управление, вычислительная техника и информатика  |v [С. 131-137]  |d 2013  |p 227 с. 
610 1 |a алгебра предикатов 
610 1 |a декомпозиция 
610 1 |a реляционная алгебра 
610 1 |a зависимость 
610 1 |a соединения 
610 1 |a труды учёных ТПУ 
610 1 |a электронный ресурс 
700 1 |a Рудометкина  |b М. Н.  |g Моника Николаевна 
701 1 |a Спицын  |b В. Г.  |c специалист в области информатики и вычислительной техники  |c профессор Томского политехнического университета, доктор технических наук  |f 1948-  |g Владимир Григорьевич  |3 (RuTPU)RU\TPU\pers\22707  |9 9740 
701 1 |a Эттель  |b В. А.  |g Владимир Абрамович 
801 1 |a RU  |b 63413507  |c 20090623  |g PSBO 
801 2 |a RU  |b 63413507  |c 20220204  |g PSBO 
856 4 |u http://earchive.tpu.ru/bitstream/11683/4818/1/bulletin_tpu-2013-322-5-27.pdf 
942 |c CF